Những khía cạnh tâm lí của dạy và học /

Na minha lista:
Detalhes bibliográficos
Autor principal: Trần Trọng Thuỷ
Formato: Artigo
Idioma:Vietnamese
Assuntos:
Tags: Adicionar Tag
Sem tags, seja o primeiro a adicionar uma tag!
Thư viện lưu trữ: Thư viện Trường Đại học Đà Lạt
LEADER 00740nam a2200277 4500
001 DLU060053940
040 # # |a DLU  |b vie 
041 # # |a vie 
044 # # |a vn 
100 # # |a Trần Trọng Thuỷ 
245 # # |a Những khía cạnh tâm lí của dạy và học /  |c Trần Trọng Thuỷ 
653 # # |a Giảng dạy 
653 # # |a Học tập 
653 # # |a Tâm lí học 
773 # # |t Giáo dục  |g Số 108, 2005, tr.9 - 10 
920 # # |a Phòng Tạp chí -- Trung tâm Thông tin - Thư viện Trường Đại học Đà Lạt 
933 # # |a SP 
994 # # |a DLU 
900 # # |a True 
911 # # |a Nguyễn Thị Yên 
925 # # |a G 
926 # # |a A 
927 # # |a BB 
980 # # |a Thư viện Trường Đại học Đà Lạt